| 000 | 00794cam a2200205 a 4500 | ||
|---|---|---|---|
| 001 | 000005680 | ||
| 005 | 20200929151738.0 | ||
| 008 | 090821s1998 mx 000 0 spa d | ||
| 020 | _a9684442564 | ||
| 040 |
_aDO-SdBNP _bspa _cBNPHU |
||
| 082 |
_a346.07 _bQ58c |
||
| 100 | 1 |
_aQuevedo Coronado, Ignacio, _d1940- _916049 |
|
| 245 | 1 | 0 |
_aCompendio de derecho mercantil / _cIgnacio Quevedo Coronado ; editor Miguel Ángel Calderón Reyes. |
| 260 |
_aMéxico : _bAddison Wesley Longman, _c1998. |
||
| 300 |
_a320 p. : _bil. ; _c24 cm. |
||
| 500 | _aIncluye datos biográficos de autor en la contracubierta. | ||
| 500 | _aIncluye referencias bibliográfica y notas al pie de las páginas | ||
| 650 | 7 |
_aDerecho mercantil _xManuales _2SEARS _916050 |
|
| 700 | 1 |
_aCalderón Reyes, Miguel Ángel, _eed. _916051 |
|
| 999 |
_c5477 _d5477 |
||